| 000 | 01608cam a2200385 i 4500 | ||
|---|---|---|---|
| 001 | 19016283 | ||
| 003 | ARRUPE | ||
| 005 | 20170118122721.0 | ||
| 008 | 160315s2016 nyu b 001 0 eng | ||
| 010 | _a 2016003900 | ||
| 020 | _a9780553418811 (hardcover) | ||
| 020 | _a9780553418835 (softcover) | ||
| 020 | _z9780553418828 (Ebook) | ||
| 020 | _z9780451497338 (international edition) | ||
| 040 |
_aDLC _beng _cDLC _erda _dDLC |
||
| 042 | _apcc | ||
| 043 | _an-us--- | ||
| 050 | 0 | 0 |
_aQA76.9.B45 _bO64 2016 |
| 082 | 0 | 0 |
_a005.7 _223 |
| 100 | 1 |
_aO'Neil, Cathy, _eauthor. _928409 |
|
| 245 | 1 | 0 |
_aWeapons of math destruction : _bhow big data increases inequality and threatens democracy / _cCathy O'Neil. |
| 250 | _aFirst edition. | ||
| 260 |
_aGreat Britain _bPenguin Books _c2016 |
||
| 300 |
_ax, 259 pages ; _c22 cm |
||
| 504 | _aIncludes bibliographical references (pages 219-252) and index. | ||
| 650 | 0 |
_aBig data _xSocial aspects _zUnited States. _928410 |
|
| 650 | 0 |
_aBig data _xPolitical aspects _zUnited States. _928411 |
|
| 650 | 0 |
_aSocial indicators _xMathematical models _xMoral and ethical aspects. _928412 |
|
| 650 | 0 |
_aDemocracy _zUnited States. _918309 |
|
| 651 | 0 |
_aUnited States _xSocial conditions _y21st century. _99257 |
|
| 776 | 0 | 8 |
_iOnline version: _aO'Neil, Cathy, author. _tWeapons of math destruction _bFirst edition. _dNew York : Crown Publishers, [2016] _z9780553418828 _w(DLC) 2016016487 |
| 906 |
_a7 _bcbc _corignew _d1 _eecip _f20 _gy-gencatlg |
||
| 942 |
_2lcc _cMONOGRAPH |
||
| 999 |
_c125985 _d125985 |
||